Ratios, financiación y fondo de maniobra / Juan Jordano
ISBN:
84-234-0534-6
Descripción Física:
168 p. : quadres ; 21 cm
Materias:
Empreses -- Finances
MARC
| LEADER | 00000nam a2200000Ia 4500 | ||
|---|---|---|---|
| 001 | 18379 | ||
| 008 | 160829s1983 xx 000 0 cat d | ||
| 020 | |a 84-234-0534-6 | ||
| 080 | |a M-5-319 | ||
| 100 | |a Jordano, Juan |9 22683 | ||
| 245 | |a Ratios, financiación y fondo de maniobra / Juan Jordano | ||
| 260 | |a Bilbao : |b Deusto, |c 1983 | ||
| 300 | |a 168 p. : |b quadres ; |c 21 cm | ||
| 490 | |a Manuales prácticos de gestión de empresas. Serie E, gestión financiera | ||
| 650 | |a Empreses |x Finances |9 27063 | ||
| 901 | |a Arxiu | ||
| 942 | |n 1 | ||
| 952 | |0 0 |1 0 |4 0 |6 M5319 |7 1 |9 42293 |a Arxiu |b Arxiu |d 2016-12-01 |l 0 |o M-5-319 |p 18379 |r 2016-12-01 00:00:00 |w 2016-12-01 |y ARXIU | ||
| 999 | |c 44771 |d 44771 | ||